[Event "Dortmund SuperGM 36th"]
[Site "Dortmund"]
[Date "2008.07.04"]
[Round "5"]
[White "Ivanchuk, Vassily"]
[Black "Naiditsch, Arkadij"]
[Result "1-0"]
[WhiteElo "2740"]
[BlackElo "2624"]
[Annotator "Krasenkow,M"]
[PlyCount "105"]
[EventDate "2008.06.28"]
[EventType "tourn"]
[EventRounds "7"]
[EventCountry "GER"]
[EventCategory "18"]
[SourceTitle "CBM 125"]
[Source "ChessBase"]
[SourceDate "2008.07.30"]
[SourceVersion "1"]
[SourceVersionDate "2008.07.30"]
[SourceQuality "1"]

1. d4 Nf6 2. c4 e6 3. Nf3 d5 4. Nc3 dxc4 5. e3 a6 6. a4 c5 7. Bxc4 Nc6 8. O-O
Be7 9. dxc5 Qxd1 10. Rxd1 Bxc5 {A quiet but crafty variation. Black must play
very accurately to equalize.} 11. Bd2 {[%cal Ya4a5]} b6 {Other moves seen in
this position:} (11... Bd7) (11... Ke7) (11... O-O) (11... Na5) 12. Bd3 {
[%cal Yc3e4] A cunning move provoking 12...Nb4. The other options.} (12. Rac1
Bb7 13. Na2 (13. Ne2 O-O 14. Ned4 Nxd4 15. Nxd4 Rfd8 16. Nb3 Be7 17. Bc3 Rxd1+
18. Rxd1 Rd8 19. Rxd8+ Bxd8 {1/2-1/2 Ujtelky,M-Kozma,J/Wijk aan Zee 1969/MCD})
13... O-O 14. Be1 a5 (14... Rfd8 15. Rxd8+ Nxd8 16. Nb4 Be7 17. Be2 a5 18. Nd3
Rc8 19. Rxc8 Bxc8 20. Nfe5 Nd7 21. Bc3 f6 22. Nxd7 Bxd7 {1/2-1/2 Ugge,
A-Frostick,C/ICCF 1997/CBM 114}) 15. Nc3 Rfd8 16. Kf1 Kf8 17. Bb5 Rxd1 18. Rxd1
Ke7 19. h3 h6 20. Nd2 Rd8 $11 {1/2-1/2 Karpov,A-Hjartarson,J/Seattle 1989/
Candidates (39)}) (12. Ng5 Ne5 (12... Na5 13. Ba2 Bb7 14. Rac1 Rc8 (14... Rd8
$5) 15. Ne2 Nc6 16. a5 h6 17. Nf3 Ne4 18. Be1 bxa5 19. Bb1 Nb4 20. Ne5 Nd6 21.
Nd3 Nxd3 22. Bxd3 a4 23. Bc2 $14 {1-0 Smejkal,J-Huebner,R/Rio de Janeiro 1979/
IZT (38)}) 13. Be2 Bb7 14. Na2 h6 15. Bc3 Ned7 16. Bf3 Bxf3 17. Nxf3 O-O 18.
Rac1 Rfc8 $11 {1/2-1/2 Lahaye,R-Okkes,M/Hilversum 2008/CBM 122 Extra (73)}) (
12. Ne2 O-O (12... Ke7 13. Ned4 Nxd4 14. Nxd4 Bxd4 15. exd4 Bb7 16. Bb4+ Kd7
$11 {0-1 Vasilev,M-Steingrimsson,H/Plovdiv BUL 2008/The Week in Chess 704 (66)}
) 13. Ned4 Nxd4 14. exd4 Bd6 15. Bg5 Nd5 16. Bxd5 exd5 $11 {1/2-1/2 Porter,
R-Nelson,W/Kingston 1998/EXT 2006 (25)}) (12. Na2 $5 Ne4 13. Be1 Bb7 (13... Nd6
14. Be2 a5 15. Rac1 Ke7 16. Nd4 Bd7 17. Nb3 Nb4 18. Nxc5 bxc5 19. Nc3 Rhd8 20.
f3 $14 {1/2-1/2 Cacco,C-Bruno,F/Cremona 2005/CBM 109 ext (49)}) 14. b4 Be7 15.
Rac1 Nd6 16. Bf1 (16. Bxa6 $5) 16... Rc8 17. b5 axb5 18. axb5 Na5 19. Ne5 $36 {
1-0 Barkhagen,J-Bering,A/Copenhagen 1999/CBM 071 ext (36)}) 12... Bb7 (12...
Nb4 $142 13. Be2 {[%cal Ya4a5]} (13. Be4 $5) 13... Bb7 (13... O-O 14. a5 b5 15.
Rac1 Be7 16. Ne5 Nd7 (16... Ra7 $2 17. Nxb5 $1 axb5 18. Bxb4 Bxb4 19. Nc6 Rxa5
20. Nxb4 Bd7 21. Rc7 $16 {1-0 Sokolov,I-Nielsen,P/Malmo 2004/EXT 2005 (22)})
17. Nxd7 Bxd7 18. Be1 Rfd8 19. Ne4 Be8 20. Rxd8 Rxd8 21. Rc7 $6 (21. Nc5 $142
$14) 21... Bf8 (21... Nd5 $1 22. Ra7 $140 f5 23. Nc3 Bc5 24. Rxa6 Nc7) 22. g4
h6 23. h4 Nd5 24. Rc1 f5 25. Nd2 Be7 $13 {1-0 Sokolov,I-Van Wely,L/
Villarrobledo 2006/CBM 113 ext (36)}) (13... a5 $5 14. Nb5 Ke7 15. Nfd4 Bb7 16.
f3 Rhd8 17. Kf1 e5 18. Nf5+ Kf8 19. e4 Ne8 20. Be3 Na6 21. Bxc5+ Nxc5 22. Ne3
Rxd1+ 23. Bxd1 Bc6 $11 {0-1 Dziuba,M-Sorokin,M/Linares 2005/CBM 105 ext (81)})
14. a5 bxa5 15. Rxa5 Be7 16. Na4 (16. Ne5 O-O 17. f3 Rfd8 18. e4 Nc2 19. Bd3 $6
Bb4 20. Na4 Ne3 21. Bxb4 Nxd1 $15 {1/2-1/2 Sokolov,I-Wells,P/London/Crowthorne
2006/CBM 113 ext (30)}) 16... Ne4 17. Be1 Nc6 18. Nb6 Rd8 19. Raa1 Rxd1 20.
Bxd1 O-O {1/2-1/2 Fabiani,J-Schrancz,I/IECG 2002/Telechess CBM 105}) 13. Ne4
Be7 14. Nxf6+ (14. Bc3 Nb4 15. Nxf6+ gxf6 16. Be2 $14 {(I.Sokolov) but V.
Ivanchuk probably considered it insufficient.}) 14... Bxf6 15. Rac1 O-O 16. Be4
Rfc8 17. b3 Na5 18. Bxb7 Nxb7 {The position looks absolutely equal but the
Ukrainian magician creates something from nothing.} 19. Bb4 $1 Bb2 (19... Nc5
20. Bxc5 Rxc5 21. Rxc5 bxc5 22. Rd6 $14) (19... h6 $142) 20. Rxc8+ Rxc8 {
[%mdl 4096]} 21. Rd7 Na5 $6 (21... Nd8 $14 {was better in any case; after the
text move Black's double pawns become a permanent defect.}) 22. Bxa5 bxa5 23.
g4 h6 24. Kg2 Bc3 25. g5 {It is important to create initiative on the kingside.
} Rb8 26. Rd3 $1 Rc8 (26... Rxb3 {leads to a deadly pin. Here is a possible
variation:} 27. gxh6 gxh6 28. Nd4 Ra3 29. Nc2 Rb3 30. e4 Kg7 31. Ne3 {[%cal
Re3d1]} Ra3 32. Nc4 Rb3 33. Nxa5 Ra3 34. Nc4 Rb3 35. Kf3 $18 {[%cal Yf3e2,
Ye2d1,Yd1c2]}) 27. h4 hxg5 28. hxg5 Kh7 29. Kg3 Kg6 30. Kf4 Rc6 31. e4 f6 32.
Kg4 fxg5 (32... Ba1 33. Nh4+ Kf7 34. f4) 33. Nxg5 e5 34. Nf3 $22 Kf6 (34... Ba1
35. Rd5) 35. Kh5 Ke7 36. Nh4 Kf6 37. Rf3+ Ke6 38. Nf5 Kd7 $2 (38... Kf7 $16 {
was still possible to keep the material balance.}) 39. Rd3+ Kc7 40. Nxg7 {
and White converted his extra pawn:} Be1 41. f3 Rc3 $6 {This exchange only
helps White.} 42. Ne6+ Kc6 43. Rxc3+ Bxc3 44. Kg6 Kd6 45. Kf5 Kc6 46. f4 exf4
47. Kxf4 Bf6 48. e5 Be7 49. Ke4 Bh4 50. Kd4 Bg3 51. Ng5 Bf4 52. Nf3 Bg3 53. Kc4
{[%cal Rf3d4]} 1-0

[Event "Sochi FIDE GP"]
[Site "Sochi"]
[Date "2008.08.02"]
[Round "3"]
[White "Ivanchuk, Vassily"]
[Black "Aronian, Levon"]
[Result "1-0"]
[WhiteElo "2781"]
[BlackElo "2737"]
[Annotator "Ftacnik,L"]
[PlyCount "87"]
[EventDate "2008.07.31"]
[EventType "tourn"]
[EventRounds "13"]
[EventCountry "RUS"]
[EventCategory "19"]
[SourceTitle "CBM 126"]
[Source "ChessBase"]
[SourceDate "2008.10.01"]
[SourceVersion "1"]
[SourceVersionDate "2008.10.01"]
[SourceQuality "1"]

1. d4 d5 2. c4 c6 3. Nf3 Nf6 4. e3 Bg4 5. h3 Bxf3 6. Qxf3 e6 7. Bd3 Nbd7 8. O-O
Bd6 {A very modern method of solving the opening problems. Black is giving up
his light squared bishop for convenient development and a compact position.} 9.
Nc3 O-O 10. Bd2 Re8 11. Qd1 dxc4 12. Bxc4 a6 {Praxis so far has seen the
defenders solving the problems, despite the fact that opening of the position
is a sensitive issue due to the white bishop pair.} 13. Qc2 c5 (13... b5 14.
Be2 c5 15. dxc5 Bxc5 16. Rfd1 Rc8 17. Rac1 Be7 18. Qb1 $14) 14. dxc5 Nxc5 15.
Rfd1 Rc8 16. Be1 Qe7 {Aronian has build up a very solid position, but it seems
next to impossible to achieve full equality.} (16... Qc7 17. Rac1 Red8 18. Be2
Nce4 19. g3 Nxc3 20. Qxc3 Qb8 21. Qb3 $14) (16... b5 17. Be2 Qc7 18. a3 Red8
19. Rac1 Nce4 20. g3 $14) 17. Rac1 Rc7 18. Be2 Rec8 19. Qb1 (19. Bf3 b5 20. Qb1
b4 21. Ne2 a5 22. Nd4 $14) 19... h6 20. Bf3 {The task for Ivanchuk will be to
show, how to generate some pressure with the help of the light-squared bishop.}
g6 (20... Be5 21. Ne2 b6 22. g3 $14) 21. Ne2 Rb8 22. Nf4 Ncd7 (22... Be5 23.
Bb4 b6 24. Nd3 Bd6 25. Nxc5 Bxc5 26. Bc3 $16) 23. Rxc7 Bxc7 24. Qc2 Ne5 25. Be2
{White's progress is not spectacular, but after the swap of the rooks his
pieces are breathing more freely.} Nc6 $2 {[%mdl 8192]} (25... Rd8 26. Rc1 Nc6
27. Nd3 (27. Bxa6 $2 Bxf4 28. exf4 Nd4 $19) 27... Nd5 $14) 26. Bxa6 $1 Bxf4 (
26... g5 27. Ne2 bxa6 28. Qxc6 Rxb2 29. Qxa6 $16) 27. exf4 Nb4 $2 {Misfortune
does not usually appear alone; after the mistake in 25th move we are
witnessing the consecutive one. In his calculations Black probably overlooked
some point, othewise he would surely resist the transformation to a position
in which he is simply a pawn down.} (27... Nd5 $1 28. Bf1 Nxf4 29. g3 Nd5 30.
Bg2 Rd8 31. a3 $14) (27... bxa6 28. Qxc6 Nd5 29. Bc3 $16) 28. Bxb4 Qxb4 29. a3
$1 Qf8 (29... Qxf4 30. Bxb7 Kg7 31. Bc6 $16) 30. Be2 Rc8 31. Qb3 Rc7 32. Bf3
Qc8 33. g3 Kg7 (33... Rc2 34. Rd8+ Qxd8 35. Qxc2 $16) 34. Qb4 h5 35. h4 Rc4 $6
{Aronian understood, that passive defense is probably not enough, but speeding
up the commotions will simply shorten his suffering.} 36. Qxb7 Qc5 37. b4 Qf5
38. Qe7 Ne4 (38... Rc3 39. Rd8 Nh7 40. Qb7 Rxa3 41. Rd7 $16) 39. Qa7 e5 (39...
Rc2 40. Qd4+ Nf6 41. a4 $18) 40. Qa6 Rc3 41. Qe2 {Ivanchuk did manage to
consolidate and the fight is effectively over.} Nf6 42. fxe5 Rxf3 43. exf6+ Kh7
(43... Qxf6 44. a4 Rb3 45. Qe4 Rb2 46. Qd4 $18) 44. Qe7 1-0

[Event "Grand Slam Final 1st"]
[Site "Bilbao"]
[Date "2008.09.05"]
[Round "4"]
[White "Aronian, Levon"]
[Black "Ivanchuk, Vassily"]
[Result "1-0"]
[WhiteElo "2737"]
[BlackElo "2781"]
[Annotator "Krasenkow,M"]
[PlyCount "139"]
[EventDate "2008.09.02"]
[EventType "tourn"]
[EventRounds "10"]
[EventCountry "ESP"]
[EventCategory "21"]
[SourceTitle "CBM 126"]
[Source "ChessBase"]
[SourceDate "2008.10.01"]
[SourceVersion "1"]
[SourceVersionDate "2008.10.01"]
[SourceQuality "1"]

1. d4 d5 2. c4 dxc4 3. Nf3 e6 4. e3 Nf6 5. Bxc4 c5 6. O-O a6 7. a4 Nc6 8. Qe2
Qc7 9. Rd1 Be7 10. dxc5 O-O 11. b3 {This line was examined in CBM 108 
(Riazantsev-Rublevsky annotated by GM A.Huzman) and CBM 116 
(Aronian-Morozevich annotated by GM R.Knaak).} Ne4 {A rare move.} (11... e5 {
[%cal Yc8g4] is more logical but White obtained a small plus in the
above-mentioned game Aronian-Morozevich:} 12. h3 (12. Nc3 $143 e4 13. Nd4 Bg4
$5 (13... Bxc5 14. Nd5 Nxd5 15. Bxd5 Qe5 16. Bxc6 bxc6 17. Bb2 Qg5 (17... Bd6
18. g3) 18. Rdc1 Bh3 19. Qf1 Bd7 20. Qc4 Bh3 21. Qf1 Bd7 22. Nxc6 Rfc8 23. Nd4
Rd8 24. Rc4 $14 {1-0 Kosyrev,V (2539)-Dieb fritz,D/playchess.com INT 2005/CBM
106 ext (66)}) 14. f3 exf3 15. gxf3 Bh5 16. Ba3 Rfe8 17. b4 Ne5 18. Nd5 $1 (18.
Bb3 $2 Rad8 19. Rf1 $2 (19. Qf2) 19... Bxc5 $1 20. bxc5 Rxd4 21. exd4 Nxf3+ 22.
Qxf3 Bxf3 23. Rxf3 Ng4 $1 $17 {0-1 Riazantsev,A (2608)-Rublevsky,S (2645)/
Warsaw 2005/CBM 108/[Huzman] (35)}) 18... Nxd5 19. Bxd5 Rad8 20. Be4 g6 21. Bb2
Bg5 22. Nc2 a5 $1 $132 {1/2 Shvyrjov,I (2432)-Rausis,I (2512)/Alushta UKR 2008/
The Week in Chess 714 (36)}) 12... e4 13. Nd4 Ne5 14. b4 (14. Bb2 Bxc5 15. Nd2
Qe7 16. Nf1 Bd7 17. Ng3 g6 18. Qc2 Rac8 19. a5 Rfe8 20. Nde2 Bc6 21. Nc3 Ned7
22. Nce2 Ne5 23. Nc3 {1/2-1/2 Milov,V-Karjakin,S/Warsaw POL 2005/(23)}) 14...
b6 15. Nd2 bxc5 16. bxc5 Bxc5 17. Ba3 Bxa3 18. Rxa3 Ng6 $5 19. Nf1 Qc5 20. Rc3
Qg5 21. Ng3 h5 22. Kh1 $14 {1-0 Aronian,L (2741)-Morozevich,A (2747)/Moscow
2006/CBM 116/[Knaak] (42)}) 12. Ba3 (12. Bb2 Nxc5 13. Nbd2 b6 14. Nd4 Bf6 15.
Rac1 Qb7 16. Ba3 Bxd4 17. exd4 Nxd4 18. Qe5 Nc6 19. Qh5 a5 20. Nf3 Nb4 21. Bb2
f6 22. Nd4 Qf7 {1/2 Miroshnichenko,E (2651)-Kruppa,Y (2533)/Predeal 2007/EXT
2008 (28)}) 12... Rd8 (12... Nxc5 $5 {[%cal Yb7b6,Ya6a5]}) 13. Rxd8+ Qxd8 14.
Qc2 Nxc5 15. Nbd2 Nd7 {It is not easy for Black to complete development, e.g.}
(15... Qb6 16. Rd1 Nb4 17. Qc3 a5 18. Bb5 {[%cal Rd2c4]}) 16. Bxe7 Qxe7 17. Rd1
(17. Ne4 $5) 17... Nf6 $6 (17... Nb4 $142 18. Qc3 (18. Qe4 Nc5) 18... b6) 18.
Ne4 $1 Nd5 {Black agrees to accept an isolated pawn.} (18... Nxe4 19. Qxe4 Bd7
20. Ng5 $1 g6 21. Qh4 h5 22. g4 Ne5 23. Be2 (23. gxh5 $143 f6 24. Qf4 Nxc4 25.
Ne4 Rf8 26. bxc4 Bxa4) 23... f6 24. Ne4 g5 25. Qxh5 Bc6 26. Ng3 Rd8 27. Rxd8+
Qxd8 28. Qh6 $16) 19. Bxd5 (19. Qd2 Bd7 $1 (19... Ncb4 $143 20. Nc3 $36) 20.
Bxd5 $140 exd5 21. Qxd5 Be6 22. Qc5 Bxb3) 19... exd5 20. Nc3 Be6 {It is very
difficult to win such a position (especially as White's queenside is weakened)
but it is even more difficult for Black to withstand this torture!} 21. h3 h6
22. Qb1 Nb4 23. Ne2 Rc8 24. Nf4 Qc5 25. Nd4 Bd7 26. g4 {[%mdl 32] Typical -
White must open up a second front.} a5 27. Kg2 b6 28. Kg1 {No hurry! Black has
no counterplay or way to strengthen his defence.} Qd6 29. Qb2 Rc5 30. Nf3 Qe7
31. Nd4 Qe5 32. Qe2 Qe7 33. Qf3 Qe5 34. Nfe2 Kf8 35. Nf4 Kg8 36. Nfe2 Kf8 37.
Kg2 Kg8 38. Nf4 Rc3 39. Qg3 Rc5 40. h4 g6 41. Kh2 Qc7 (41... g5 $6 42. Nh5) (
41... Qe4 $5) 42. g5 {Yes, slowly - but White is making some progress!} h5 {
A first achievement - the black pawns are fixed on light squares.} 43. Nfe2 Kf8
44. Qxc7 Rxc7 45. Kg2 Ke7 46. Kf1 Bg4 47. f3 Bd7 48. Ke1 Rc8 49. Kd2 Rc7 50.
Nc3 Rc5 51. Rf1 Bc8 (51... Rc8 $142 52. f4 f6 {At least, it would prevent
f4-f5.}) 52. f4 {[%cal Rf4f5]} Ba6 (52... f5 53. gxf6+ Kxf6 54. e4 $1 Ke7 55.
e5 $16) (52... Bf5 53. Nxf5+ gxf5 54. Rc1 {[%cal Yc3e2,Ye2g3]}) 53. Rf3 Nd3 $6
{A desperate attempt but what else to recommend?} 54. Ncb5 Nb4 55. f5 Nc6 56.
fxg6 fxg6 57. Rf6 Bxb5 58. Nxb5 Ne5 59. Nd4 Kd7 60. Rxb6 {A first but not last
material gain - Black is in zugzwang and must give up more material.} Rc8 61.
Rb5 Kd6 62. Rxa5 Rf8 63. Ra6+ Kd7 64. Rf6 Rxf6 65. gxf6 Ke8 66. a5 Kf7 67. a6
Nd7 68. a7 Nb6 69. Kc3 Kxf6 70. Kb4 {A classic game! Black lost without making
obvious mistakes!} 1-0

[Event "Wch Blitz 3th"]
[Site "Almaty"]
[Date "2008.11.08"]
[Round "15"]
[White "Polgar, Judit"]
[Black "Ivanchuk, Vassily"]
[Result "0-1"]
[WhiteElo "2711"]
[BlackElo "2786"]
[PlyCount "35"]
[EventDate "2008.11.08"]
[EventType "tourn (blitz)"]
[EventRounds "15"]
[EventCountry "KAZ"]
[EventCategory "19"]
[SourceTitle "EXT 2009"]
[Source "ChessBase"]
[SourceDate "2008.11.26"]
[SourceVersion "1"]
[SourceVersionDate "2008.11.26"]
[SourceQuality "1"]

1. e4 c5 2. Nf3 d6 3. d4 cxd4 4. Nxd4 Nf6 5. Nc3 a6 6. f4 Qc7 7. Qf3 g6 8. Bd3
Bg7 9. Be3 O-O 10. h3 b5 11. g4 Bb7 12. g5 Nfd7 13. h4 Nc6 14. Nde2 Nb4 15. h5
Nc5 16. Qh3 Bxc3+ 17. bxc3 Nbxd3+ 18. cxd3 0-1

[Event "Nanjing Pearl Spring 1st"]
[Site "Nanjing"]
[Date "2008.12.12"]
[Round "2"]
[White "Aronian, Levon"]
[Black "Ivanchuk, Vassily"]
[Result "1-0"]
[WhiteElo "2757"]
[BlackElo "2786"]
[Annotator "Ftacnik,L"]
[PlyCount "65"]
[EventDate "2008.12.11"]
[EventType "tourn"]
[EventRounds "10"]
[EventCountry "CHN"]
[EventCategory "21"]
[SourceTitle "CBM 128"]
[Source "ChessBase"]
[SourceDate "2009.01.28"]
[SourceVersion "1"]
[SourceVersionDate "2009.01.28"]
[SourceQuality "1"]

1. Nf3 c5 2. c4 Nc6 3. d4 cxd4 4. Nxd4 g6 5. e4 Nf6 6. Nc3 d6 7. Nc2 Bg7 8. Be2
Nd7 9. Bd2 {Aronian is admitting, that Ivanchuk has not moved with the knight
to d7 without intending to take on c3 with the bishop.} a5 10. O-O Nc5 11. Qc1
h5 $5 {Ivanchuk is strategically very strong and thus he can afford to try
continuations with a higher level of risk.} (11... O-O 12. Bh6 $1 b6 (12... a4
13. Bxg7 Kxg7 14. Qe3 Qa5 15. Nd5 Qa7 16. b4 Nxe4 17. Nb6 Rb8 18. Na3 Nf6 19.
Nb5 Qa6 20. Nd5 b6 21. Nxd6 Qa7 22. Nxf6 exf6 23. Ne8+ Rxe8 24. Qxe8 {1-0
Ibragimov,I (2684)-Perelshteyn,E (2592)/Reno 2005 (39)}) (12... Bxh6 $5 13.
Qxh6 Be6 14. Qe3 Qb6 15. b3 a4 $11) 13. Bxg7 Kxg7 14. Qe3 Ra7 15. f4 f6 16. b3
Rd7 17. Rab1 e5 18. f5 Ne7 19. g4 Bb7 20. a3 Bc6 21. Rf2 gxf5 22. gxf5 Kh8 {
1/2-1/2 Nijboer,F (2485)-Petursson,M (2555)/Reykjavik 1990 (80)}) (11... Nb4
12. Nxb4 axb4 13. Nd5 b3 $6 14. axb3 $1 Rxa1 (14... Nxb3 $2 15. Rxa8 $1 Nxc1
16. Rxc1 O-O $2 17. Rxc8 $1) 15. Qxa1 O-O 16. Bc3 (16. Bg5 Re8 17. Qa8 $14)
16... e5 17. Qa5 (17. Bb4 $1 Nxe4 18. Qa7 $16) 17... Be6 18. Qxd8 Rxd8 19. Ra1
(19. Ba5 Rd7 20. Nb6 $16) 19... Nxe4 20. Ra7 Bxd5 21. cxd5 Nxc3 22. bxc3 e4 23.
Rxb7 Bxc3 {1/2-1/2 Perunovic,M (2384)-Velimirovic,D (2558)/Valjevo 2000 (51)})
12. Rd1 Bd7 13. Ne1 (13. Be3 Bxc3 $5 14. Bxc5 Bf6 15. Be3 O-O $11) 13... Nd4
14. Bf1 O-O 15. Bg5 (15. Be3 Nde6 16. Nd3 Bxc3 17. Nxc5 Nxc5 18. Qxc3 Nxe4 19.
Qd4 Bc6 20. f3 Nc5 21. Bh6 Ne6 $13) 15... Bc6 $5 16. Nd5 (16. f3 Nde6 17. Be3
Na4 $11) 16... Re8 $6 {The defence of the pawn on e7 is not a mistake, but it
lacks the strength of the more radical solution. The best seems to be the
exchange of the mighty knight on d5, as all the black pieces would be
optimally located.} (16... Bxd5 $1 17. exd5 Nf5 $11) 17. f3 b5 (17... Ba4 18.
Rd2 Rc8 19. Rb1 Bc6 $11) 18. Be3 $1 Nce6 $6 {[%mdl 2048] The first step on a
road, that will deliver the defender to oblivion in no time. It seems, that
the more daring advance of the e-pawn might still have limited the damage.} (
18... e5 $1 19. cxb5 (19. Bg5 $5 Qd7 20. Nc2 $14) 19... Bxd5 20. exd5 Rc8 (
20... Rb8 21. Rb1 (21. Nd3 Na4 $1 $13) 21... Nxb5 22. Bxc5 dxc5 23. Bxb5 Rxb5
24. Qc4 $1 Rb4 25. Qxc5 Bf8 $11) 21. Qd2 Nf5 $13) 19. Qd2 bxc4 20. Bxc4 Rb8 21.
Kh1 $5 (21. Rab1 Bb5 22. Bxb5 Nxb5 23. Rbc1 $14) 21... Nb5 $6 {The knight on
d4 is feeling unsure and thus uses the only available square for the retreat.
The coordination of the black forces is rapidly decreasing.} 22. Rac1 Nc5 $6 (
22... Bd4 23. Bxd4 Nbxd4 24. Nf4 (24. Qh6 Rf8 25. Ne3 $16) (24. Nxe7+ $1 Qxe7
25. Bxe6 Ba4 26. b3 Nxe6 27. bxa4 $16)) (22... Bxd5 23. Bxd5 Nbc7 24. b3 Nxd5
25. exd5 Nf8 $14) 23. b4 {Aronian is choosing to open the lines on the
queenside, where White will retain his activity and thus also his advantage.} (
23. Bxc5 dxc5 24. Bxb5 Bxb5 (24... Rxb5 $2 25. Nf6+ $1 Bxf6 26. Qxd8 $18) 25.
Rxc5 Qd6 26. Rc2 $16) 23... axb4 (23... Ne6 24. bxa5 $16) 24. Nxb4 Qb6 $6 {
Vassily has clearly had a second rate day, too many of his moves are deserving
of criticism.} (24... Bd7 25. Bxc5 dxc5 26. Na6 Nd6 27. Nxb8 Qxb8 28. Nd3 $16)
25. Ned3 $1 Na3 (25... Nc7 26. Nxc6 Qxc6 27. Nxc5 dxc5 28. Bxc5 $16) 26. Bb3
Ba8 (26... Nxb3 $2 27. axb3 $18) 27. Nxc5 $1 dxc5 (27... Qxb4 28. Qxb4 Rxb4 29.
Na6 $1 Rb7 30. Nc7 Rc8 31. Nxa8 Rxa8 32. Bd5 $18) 28. Bxc5 {The catastrophe is
complete, White has gained a pawn and all his forces are better coordinated.}
Qa5 (28... Qb7 29. Nd5 e6 30. Bxa3 exd5 31. Qxd5 Qxd5 32. exd5 $18) 29. Qf4 $1
e6 (29... Rf8 30. Bxe7 $18) 30. Rd7 Rf8 31. Rxf7 (31. Bxe6 fxe6 32. Bxf8 Rxf8
33. Rc8 $18) 31... Rxf7 32. Qxb8+ Kh7 33. Bxe6 1-0

[Event "Nalchik FIDE GP"]
[Site "Nalchik"]
[Date "2009.04.21"]
[Round "6"]
[White "Aronian, Levon"]
[Black "Ivanchuk, Vassily"]
[Result "1-0"]
[WhiteElo "2754"]
[BlackElo "2746"]
[Annotator "ChessBase"]
[PlyCount "79"]
[EventDate "2009.04.15"]
[EventType "tourn"]
[EventRounds "13"]
[EventCountry "RUS"]
[EventCategory "19"]
[SourceTitle "CBM 130"]
[Source "ChessBase"]
[SourceDate "2009.05.20"]
[SourceVersion "1"]
[SourceVersionDate "2009.05.20"]
[SourceQuality "1"]

1. Nf3 c5 2. c4 Nf6 3. d4 cxd4 4. Nxd4 a6 5. Nc3 e6 6. Bg5 Qc7 7. e3 b6 8. Bd3
{Drei Züge später geht der Läufer doch nach e2.} Bb7 9. O-O Nc6 10. Rc1 Rc8 11.
Be2 Be7 12. Nxc6 Bxc6 13. Nd5 {Das sieht recht aussichtsreich aus, mit einem
Tempo mehr wäre es richtig stark gewesen.} exd5 14. Bxf6 Bxf6 15. cxd5 Bxb2 16.
Rc2 Be5 17. dxc6 dxc6 18. Bxa6 Rd8 19. Qf3 c5 20. Bb5+ Kf8 {Mittelfristig
lässt sich ein doppelter Turmtausch in der d-Linie kaum verhindern.} 21. g3 g6
22. Rd1 Kg7 23. Rcd2 Rxd2 24. Rxd2 Rd8 25. Rxd8 Qxd8 {Zwei Dinge sind völlig
klar: Aronian versucht immer noch zu gewinnen, objektiv ist die Stellung
jedoch klar remis. Um sein Ziel dennoch zu erreichen, muss Weiß ein wenig
Spannung bewahren, d.h. vor allem nicht die Damen tauschen, aber letztlich
muss ein schwarzer Fehler helfen.} 26. Kg2 h5 27. Qe4 {Es beginnt ein
geschicktes Manöver, an dessen Ende Weiß das Feld d5 erobert.} Bc3 28. Qb7 Bf6
29. Bc4 Qe7 30. Qd5 {Die schwarze Bauernmehrheit am Damenflügel ist wertlos,
die weiße Majorität auf der anderen Seite soll dennoch nicht zum Sieg
ausreichen. Es ist jedoch erstaunlich, wie schwierig der Verteidigung für
Schwarz ist.} h4 31. e4 hxg3 32. hxg3 Bd4 33. f4 f6 $6 {Das ist zwar korrekt,
erschwert jedoch die Verteidigung. Aber völlig passiv sollte sich Schwarz auch
nicht verhalten.} ({In Frage kommt} 33... Qf6 34. Qd7 Bc3 35. e5 Qf5 $1 36.
Qxf5 gxf5 {und der Gewinn des Bauern f5 reicht nicht zum vollen Punkt.}) 34.
Kf3 Kh6 35. Qg8 g5 $5 {Das ist früher oder später notwendig.} 36. e5 {Aronian
ist es gelungen, eine Situation herbeizuführen, in der der naheliegende Zug
verliert, der weniger logische hingegen remisiert, und das in Zeitnot
Iwantschuks.} fxe5 $2 ({Nach} 36... Qg7 37. Qe6 {hat Schwarz nur einen Zug,
der das Remis sichert und der sieht ein wenig unästhetisch aus:} Qg6 $1 {, z.B.
} 38. Qh3+ Kg7 39. Qd7+ Kh6 40. exf6 Bxf6 $1 (40... gxf4 $2 41. Qh3+ Qh5+ 42.
Qxh5+ Kxh5 43. f7 Bg7 44. Kxf4 Kg6 45. a4 Kf6 46. Ke4 Ke7 47. Kd5 Kxf7 (47...
Bc3 48. Kc6 Ba5 49. g4 Kf8 50. g5 Kg7 51. g6 Kf8 52. Kd7 Bc3 53. Kc7 Ba5 54.
Kc6 $22 $18) 48. Kc6+ Ke8 49. Kxb6 Bf6 50. Kc6 Bd8 51. g4 Kf8 (51... Ke7 52. g5
Kf8 53. g6 Kg7 54. Bd3 c4 55. Bc2 $18) 52. Kb5 Ke8 53. a5 Kd7 54. a6 Kc8 55.
Kxc5 $18) 41. Bd3 Qg8 {und Weiß kommt nicht weiter.}) 37. Bd3 e4+ 38. Bxe4 Qg7
39. Qe6+ Qf6 40. Qd7 $1 {Jetzt zielt die weiße Dame nach h7 und h3, die
Verteidigung ...Dg7 geht nicht mehr; Schwarz gibt auf.} 1-0